000 00313nam a22001337a 4500
008 170421b xxu||||| |||| 00| 0 eng d
020 _a9780176502300
041 _aeng
080 _a573
100 _a11
101 _aSHM
245 _aBIOLGY EXPLORING THE DIVERSITY OF LIFE
_cRUSSELL.P.J
942 _2udc
_cBK
999 _c11391
_d11391